Uc-Trai Tap : Ban Dich cua Hoang-Khoi. Phien dich theo Phuc-Khe Nguyen Ban, Tu-Duc Mau-Thin thu.

Saved in:
Bibliographic Details
Main Author: Nguyen-Trai, 1380-1442 -.
Format: Book
Language:Vietnamese
Published: Saigon : Phu Quoc-Vu-Khanh Dac Trach Van-Hoa, 1971, 1972.
Series:Tủ sách cổ văn
Subjects:
LEADER 01111nam a22002651 4500
001 c000201466
003 CARM
005 20021125001900.0
008 851113m19711972vs 0 vie d
019 1 |a 4120591  |5 LACONCORD2021 
035 |a (OCoLC)218516643  |5 LACONCORD2021 
100 2 |a Nguyen-Trai, 1380-1442 -. 
240 1 0 |a Collections.  |f 1971 
245 1 0 |a Uc-Trai Tap :  |b Ban Dich cua Hoang-Khoi. Phien dich theo Phuc-Khe Nguyen Ban, Tu-Duc Mau-Thin thu. 
260 |a Saigon :  |b Phu Quoc-Vu-Khanh Dac Trach Van-Hoa,  |c 1971,  |c 1972. 
300 |a 2v. 
440 0 |a Tủ sách cổ văn 
500 |a Text in Vietnamese and Chinese. 
650 0 |a Vietnamese publications (Form Entry). 
852 8 |b CARM  |h A2:AK08A0  |i B06052  |p 0284551  |f BK 
852 8 |b CARM  |h A2:AK38G0  |i C08101  |p 0292234  |f BK 
082 0 4 |a 895.92211 
999 f f |i 0582505b-6d9f-58b1-9f17-6687f221006c  |s 872622f5-7c5e-55b4-b49e-9bbeb9d01f14 
952 f f |p Can circulate  |a CAVAL  |b CAVAL  |c CAVAL  |d CARM 1 Store  |e B06052  |f A2:AK08A0  |h Other scheme  |i book  |m 0284551 
952 f f |p Can circulate  |a CAVAL  |b CAVAL  |c CAVAL  |d CARM 1 Store  |e C08101  |f A2:AK38G0  |h Other scheme  |i book  |m 0292234